000 00645nam a2200169Ia 4500
008 090711s9999 xx 000 0 und d
082 _b5955
100 _aसरदेसाई लक्ष्मणराव
245 _aढासळलेले बुरुज
260 _bदेशमुख आणि कंपनी पब्लिशर्स
_c1940
300 _a170
600 _aसरदेसाई लक्ष्मणराव
630 _aढासळलेले बुरुज
700 _aसरदेसाई लक्ष्मणराव
730 _aढासळलेले बुरुज
942 _cBOOK
999 _c305830
_d305830